000 00777nam a22001935i 4500
001 161622
003 ES-MaACL
005 20230906212327.0
008 980406s1883 sp |||| | spa d
040 _aCYL
_bspa
_cCYL
100 1 _aPella y Forgas, José.
_990052
245 1 0 _aHistoria del Ampurdán
_b: estudio de la civilización en las comarcas del noroeste de Cataluña /
_cpor José Pella y Forgas.
260 _aBarcelona :
_b[s.n.],
_c1883 (
_fLuis Tasso y Serra, Impresor)
300 _a788, 20, [14] h. de lám. ;
_c27 cm.
597 _aSon 8 fasc. con paginación contínua.
651 4 _aCataluña-
_xHistoria.
_98013
651 4 _aAmpurdán-
_xHistoria.
_9137031
852 _aES-MaACL
_jF-2117-18
_z-- Enc. hol. ed. en tela azul, con planchas en hierros dorados
999 _c161622
_d161622